000 00255nam a2200097Ia 4500
001 688814
005 20250826161622.0
008 250824s9999 xx 000 0 und d
245 0 _aSESSİZ ÇAYIRIN UYUYANLARI
_cMEHMET BALTAOĞLU
260 _bTİMAŞ YAYINLARI
999 _c688814
_d688814